| 000 | 00737nam a2200229 i 4500 | ||
|---|---|---|---|
| 001 | bg | ||
| 100 | 1 | _aMĄCIK, Radosław | |
| 245 | 1 | 0 |
_aWykorzystanie internetu w badaniach marketingowych / _cRadosław Mącik. |
| 260 |
_aLublin : _bWydaw. Uniwersytetu Marii Curie-Skłodowskiej, _c2005. |
||
| 300 |
_a252 s. : _brys., wykr. ; _c24 cm. |
||
| 504 | _aBibliogr. s. 237-246. | ||
| 650 | 9 | _aMarketing elektroniczny | |
| 015 | _aPB 13644/2005 | ||
| 020 | _a8322723555 | ||
| 040 | _cBPK | ||
| 041 | 0 | _apol | |
| 080 | _a004.738.5:339.139 | ||
| 920 | _a83-227-2355-5 | ||
| 942 | _cKS | ||
| 008 | s pl f |000 0 pol | ||
| 999 |
_c46533 _d46533 |
||
| 856 |
_uhttp://koha.tu.koszalin.pl/cgi-bin/koha/opac-detail.pl?biblionumber=46533 _yKatalog online BPK |
||